Central Library OPAC University of Rajshahi

Suleiman the Magnificent, 1520-1566 / (Record no. 65101)

MARC details
000 -LEADER
fixed length control field 01023nam a2200265 a 4500
001 - CONTROL NUMBER
control field 65101
003 - CONTROL NUMBER IDENTIFIER
rucl marc code BD-RjUL
005 - DATE AND TIME OF LATEST TRANSACTION
control field 20211209081403.0
008 - FIXED-LENGTH DATA ELEMENTS--GENERAL INFORMATION
fixed length control field 170227t1944 masac b 001 0beng d
035 ## - SYSTEM CONTROL NUMBER
System control number (BD-RjUL)65231
040 ## - CATALOGING SOURCE
Original cataloging agency DLC
Transcribing agency DLC
Modifying agency BD-RjUL
Language of cataloging eng
041 ## - LANGUAGE CODE
Language code of text/sound track or separate title eng
082 ## - DEWEY DECIMAL CLASSIFICATION NUMBER
Classification number 956.1010924
Edition number 23
Author mark and year MES 1944
100 1# - MAIN ENTRY--PERSONAL NAME
Personal name Merriman, Roger Bigelow,
Dates associated with a name 1876-1945.
9 (RLIN) 192850
245 10 - TITLE STATEMENT
Title Suleiman the Magnificent, 1520-1566 /
Statement of responsibility, etc. Roger Bigelow Merriman
260 ## - PUBLICATION, DISTRIBUTION, ETC. (IMPRINT)
Place of publication, distribution, etc. Massachusetts :
Name of publisher, distributor, etc. Harvard University,
Date of publication, distribution, etc. c1944
300 ## - PHYSICAL DESCRIPTION
Pagination viii, 325 p. :
Illustrations ill. ;
Size 24 cm.
500 ## - GENERAL NOTE
General note "A portion of the material ... derived from an unfinished life of Suleiman the Magnificent which was written by ... Archibald Cary Coolidge in 1901-02."
504 ## - BIBLIOGRAPHY, ETC. NOTE
Bibliography, etc Includes Index And bibliographical references.
600 00 - SUBJECT ADDED ENTRY--PERSONAL NAME
Personal name Süleyman
Titles and other words associated with a name Sultan of the Turks,
Dates associated with a name 1494 or 1495-1566.
650 ## - SUBJECT ADDED ENTRY--TOPICAL TERM
Topical term or geographic name as entry element Turkey
General subdivision History
Chronological subdivision 1453-1683.
9 (RLIN) 192852
651 #0 - SUBJECT ADDED ENTRY--GEOGRAPHIC NAME
Geographic name Turkey
General subdivision History
Chronological subdivision 1453-1683.
9 (RLIN) 192852
942 ## - ADDED ENTRY ELEMENTS (KOHA)
Source of classification or shelving scheme Dewey Decimal Classification
Koha item type Books
Holdings
Lost status Source of classification or shelving scheme Damaged status Not for loan Collection code Permanent Location Current Location Shelving location Date acquired Source of acquisition Cost, normal purchase price Total Checkouts Full call number Date last seen Copy number Koha item type
  Dewey Decimal Classification   Not For Loan Fiction Central Library, University of Rajshahi Central Library, University of Rajshahi Reading Room 24/11/1966 A.I.Qureshi. 19.20   956.1010924 MES 1944 27/02/2017 C-1 Books